000
00236nam a2200097Ia 4500
001
1250546
005
20251031150858.0
008
251031s9999 xx 000 0 und d
245
0
_c
CEMAL SÜREYA
_a
B-1 SICAK NAL
260
_b
CAN YAYINLARI
999
_c
1250546
_d
1250546